| 000 | 01017nam0a22002531 4500 | ||
|---|---|---|---|
| 001 | rc\12404 | ||
| 005 | 20260406115255.0 | ||
| 035 | _a(NLR Aleph) 005301173 | ||
| 090 |
_a6290629 _c6290629 |
||
| 100 | _a20021204d1994 |||y0rusy50 ca | ||
| 101 | 0 | _arus | |
| 102 | _aRU | ||
| 105 | _aa ||||||||| | ||
| 200 | 1 |
_aВОПРОСЫ создания и модернизации строительных и путевых машин _eМежвуз. сб. науч. тр. _fМ-во путей сообщ. РФ. Сиб. гос. акад. путей сообщ. _gПод ред. Н.В. Мокина |
|
| 210 |
_aНовосибирск _cСГАПС _d1994 |
||
| 215 |
_a65 с. _cил. _d21 |
||
| 320 | _aБиблиогр. в конце ст. | ||
| 702 | 1 |
_aМокин _bН.В. _4340 |
|
| 712 | 0 | 2 |
_aСибирская академия путей сообщения _cНовосибирск _3RU\NLR\AUTH\8811542 _9295777 |
| 801 | 0 |
_aRU _bNLR _gpsbo |
|
| 801 | 1 |
_aRU _bELAR _2rusmarc |
|
| 852 |
_aNLR _j95-6/1049 |
||
| 942 | _cBOOK | ||
| 980 | _aNB | ||